Score 0/20 Timer 04:00
0 Plays Today
Song Missing Word % Correct
Sunday Bloody _____Sunday
95.6%
Our Lips Are _____Sealed
93.5%
Heart and _____Soul
93.4%
Romancing the _____Stone
89.3%
On the Dark _____Side
88.3%
More Than I Can _____Say
87.7%
Dancing in the _____Street
81.9%
I Want Your _____Sex
81.5%
Wake Up Little _____Susie
79.5%
You Got It (The Right _____)Stuff
78.1%
Song Missing Word % Correct
Eye in the _____Sky
73.4%
Toy _____Soldiers
69.1%
Circle in the _____Sand
63.2%
Harlem _____Shuffle
54%
She Got the Goldmine
(I Got the _____)
Shaft
39.5%
Union of the _____Snake
38%
Buffalo _____Stance
35.8%
Oh _____Sheila
23.7%
State of _____Shock
20.6%
Love is a _____Stranger
17.5%

Today's Daily Dose

Missing Word
'D' in Video Games

Word Ladder
Lent Begins

Get the Picture
Antz or A Bug's Life?

You're not logged in!

Compare scores with friends on all Sporcle quizzes.
OR
Log In

Sporcle TV

Today on Sporcle TV


Watch our educational content, quiz creation guides, and fun videos on Sporcle TV.

Show Comments

Extras

Top Quizzes Today


Score Distribution

Paid Content

Your Account Isn't Verified!

In order to create a playlist on Sporcle, you need to verify the email address you used during registration. Go to your Sporcle Settings to finish the process.

Report this User

Report this user for behavior that violates our Community Guidelines.

Details: